Strength Of Materials (Record no. 343140)

MARC details
000 -LEADER
fixed length control field 00504nam a2200181Ia 4500
008 - FIXED-LENGTH DATA ELEMENTS--GENERAL INFORMATION
fixed length control field 230718s9999 xx 000 0 und d
020 ## - INTERNATIONAL STANDARD BOOK NUMBER
International Standard Book Number 9789385401367
041 ## - LANGUAGE CODE
Language code of text/sound track or separate title eng
082 ## - DEWEY DECIMAL CLASSIFICATION NUMBER
Classification number 620.112
Item number RAJ
100 ## - MAIN ENTRY--PERSONAL NAME
Personal name Rajput R.K.
9 (RLIN) 137180
245 ## - TITLE STATEMENT
Title Strength Of Materials
Remainder of title Mechanics Of Solids In SI Units
250 ## - EDITION STATEMENT
Edition statement 6th ed.
260 ## - PUBLICATION, DISTRIBUTION, ETC. (IMPRINT)
Date of publication, distribution, etc. 2015
Name of publisher, distributor, etc. S. Chand
300 ## - PHYSICAL DESCRIPTION
Extent 1450
365 ## - TRADE PRICE
Currency code Rs.
Price amount 940.00
700 ## - ADDED ENTRY--PERSONAL NAME
Personal name Rajput R.K.
9 (RLIN) 137180
906 ## - LOCAL DATA ELEMENT F, LDF (RLIN)
d O:0529313-Sep-2016B:326401-Sep-2016
c MECH
b 2105.6
Holdings
Withdrawn status Lost status Damaged status Not for loan Home library Current library Date acquired Vendor Budget Code Cost, normal purchase price Bill number Total Checkouts Full call number Barcode Date last seen Date last checked out Discount Cost, replacement price Bill Date Koha item type Original Barcode
        Cummins College of Engineering for Women Pune Cummins College of Engineering for Women Pune 13/09/2016 Vaibhav Book House MECH 676.80 3264 13 620.112 CCEP-BK-54347 20/09/2025 08/09/2025 2105.6 940.00 01/09/2016 Books 054347